Normal view MARC view

Entry Personal Name

Number of records used in: 1

001 - CONTROL NUMBER

  • control field: 1208018

003 - CONTROL NUMBER IDENTIFIER

  • control field: OSt

005 - DATE AND TIME OF LATEST TRANSACTION

  • control field: 20260324141406.0

008 - FIXED-LENGTH DATA ELEMENTS

  • fixed length control field: 260324|| aca||aabn | a|a d

040 ## - CATALOGING SOURCE

  • Original cataloging agency: OSt
  • Transcribing agency: OSt

100 ## - HEADING--PERSONAL NAME

  • Personal name: Sirkku Hellsten; Marjaana Kopperi; Olli Loukola

670 ## - SOURCE DATA FOUND

  • Source citation: Work cat.: (OSt)1811063: Sirkku Hellsten; Marjaana Kopperi; Olli Loukola, Taking the Liberal Challenge Seriously
Copyright @ Delhi University Library System